| 000 | 00934nam a2200229 i 4500 | ||
|---|---|---|---|
| 001 | 69891 | ||
| 003 | ES-MaACL | ||
| 005 | 20250916231837.0 | ||
| 007 | t| | ||
| 008 | 040713s1975 sp |||| | spa d | ||
| 100 | 1 |
_aGarcía Lorca, Federico, _d1898-1936 _954853 |
|
| 245 | 1 | 0 |
_aAmor de Don Perlimplín con Belisa en su jardín _b; Así que pasen cinco años ; El maleficio de la mariposa / _cFederico García Lorca ; introducción: Ricardo Doménech. |
| 260 |
_aMadrid : _bE.M.E.S.A., _c[1975] |
||
| 300 |
_a210 p. ; _c18 cm. |
||
| 490 | 1 | _aNovelas y cuentos. Sección literatura. Serie literatura española . Teatro. Siglo XX | |
| 700 | 1 |
_aDoménech, Ricardo, _d1938-2010 _945084 |
|
| 740 | 0 | 2 | _aAsí quepasen cinco años. |
| 740 | 3 | 2 | _aEl maleficio de la mariposa. |
| 830 | 0 | 0 |
_aNovelas y cuentos. _pSerie literatura española. _pTeatro siglo XX _9226594 |
| 852 |
_aES-MaACL _jL-7380 |
||
| 999 |
_c69891 _d69891 |
||